50 Countries of the World: Population (2025) - Statistics

General Stats
  • This quiz has been taken 6 times
  • The average score is 43 of 60
Answer Stats
Country Population (rounded) % Correct
Japan 123 million
100%
Russia 144 million
100%
China 1.4 billion
100%
India 1.4 billion
100%
Netherlands 18 million
100%
Saudi Arabia 36 million
100%
Poland 37.5 million
100%
Canada 41.5 million
100%
Spain 49 million
100%
South Korea 51.5 million
100%
Italy 59 million
100%
United Kingdom 69.5 million
100%
France 69 million
100%
Germany 83.5 million
100%
Turkey 86 million
100%
Switzerland 9 million
100%
Sweden 10.5 million
80%
Israel 10 million
80%
Philippines 114 million
80%
United Arab Emirates 11.5 million
80%
Belgium 12 million
80%
Mexico 132 million
80%
Brazil 213 million
80%
Taiwan 23 million
80%
Indonesia 288 million
80%
Australia 28 million
80%
United States 342 million
80%
Malaysia 34 million
80%
Argentina 46 million
80%
Ireland 5.5 million
80%
Norway 5.5 million
80%
Thailand 66 million
80%
Singapore 6 million
80%
Denmark 6 million
80%
Austria 9 million
80%
Greece 10.5 million
60%
Egypt 108 million
60%
Czechia 11 million
60%
Portugal 11 million
60%
Romania 19 million
60%
Kazakhstan 20.5 million
60%
Chile 20 million
60%
Ukraine 32 million
60%
Peru 35 million
60%
Qatar 3 million
60%
Colombia 53 million
60%
Finland 5.5 million
60%
South Africa 63 million
60%
Iran 90 million
60%
Hungary 9.5 million
60%
Bangladesh 175 million
40%
Pakistan 255 million
40%
Iraq 47 million
40%
Algeria 48 million
40%
Slovakia 5.5 million
40%
New Zealand 5 million
40%
Nigeria 240 million
20%
Morocco 37 million
20%
Uzbekistan 38 million
20%
Kuwait 5 million
20%
No matching quizzes found
Score Distribution
Percent of People with Each Score
Percentile by Number Answered
Your Score History
You have not taken this quiz